000 00391nam a22001697a 4500
005 20160627154814.0
008 160627b xxu||||| |||| 00| 0 eng d
020 _a81-7446-203-1
041 _aeng
082 _b10662
100 _aDiwan, Prag and Sharma, Sunil
_92977
245 _aE-Commerce
260 _bExcel Books
_c2000
300 _a327
650 _aManagement
_9241
942 _cBK
999 _c4305
_d4304